| 000 | 00769ngm a2200193 a 4500 | ||
|---|---|---|---|
| 005 | 20250527063803.0 | ||
| 008 | 991125s1994 mx 053 d daspa u | ||
| 035 | _aUPN01000033770 | ||
| 049 | _aAV | ||
| 099 | _aCD ML 0001 | ||
| 100 | 1 | _aHuesca, Gabriela | |
| 245 | 1 | 0 |
_aA la orilla del viento [disco compacto] / _cGabriela Huesca. |
| 260 |
_aMéxico : _bFCE, _c1994. |
||
| 300 | _a1 disco compacto (53:09 min.) | ||
| 505 | 8 | _aContenido: 1. A la orilla del viento [3.50] -- 2. El agugero negro [3.23] --3. Me gustan los libros [1.48] -- 4. Hay un ratón en la casa [3.42] -- 5. Saguairu [4.00] -- 6.Amadís de anís - amadís de codorniz [3.40] -- 7. Cuando | |
| 650 | 2 |
_aCanciones infantiles _95682 |
|
| 650 | 4 |
_aCuentos infantiles _96744 |
|
| 905 | _aAudiovisuales | ||
| 999 |
_c33770 _d33770 |
||